书目信息 |
| 题名: |
城市固体废物的处置的回收
|
|
| 作者: | 亨斯脱壳 编 | |
| 分册: | ||
| 出版信息: | 北京 中国环境科学出版社 1993.01 |
|
| 页数: | 220页 | |
| 开本: | 32开 | |
| 丛书名: | ||
| 单 册: | ||
| 中图分类: | X705 | |
| 科图分类: | ||
| 主题词: | 废物 , 废物处理 , 废物综合利用 | |
| 电子资源: | ||
| ISBN: | 7-80093-224-9 | |
| 000 | 00640nam0 2200217 45 | |
| 001 | 0012131031 | |
| 005 | 20001213101141.1 | |
| 010 | @a7-80093-224-9@d5.20元 | |
| 100 | @a20001213d1993 km y0chiy0120 ea | |
| 101 | 0 | @achi |
| 105 | @a z 000yy | |
| 200 | 1 | @a城市固体废物的处置的回收@ACheng Shi Gu Ti Fei Wu De Chu Zhi De Hui Shou@f(英)亨斯脱壳编@F(Ying)Heng Si Tuo Ke Bian |
| 210 | @a北京@c中国环境科学出版社@d1993.01 | |
| 215 | @a220页@d32开 | |
| 606 | 0 | @a废物 |
| 606 | 0 | @a废物处理 |
| 606 | 0 | @a废物综合利用 |
| 690 | @aX705@v3 | |
| 701 | 0 | @a亨斯脱壳@4编 |
| 801 | @aCN@bPftUser@c20001213 | |
| 905 | @b307611-615@dX705@eH846@f5 | |
| 城市固体废物的处置的回收/(英)亨斯脱壳编.-北京:中国环境科学出版社,1993.01 |
| 220页;32开 |
| ISBN 7-80093-224-9:5.20元 |
| ● |
| 相关链接 |
|
|
|
正题名:城市固体废物的处置的回收
索取号:X705/H846
 
预约/预借
| 序号 | 登录号 | 条形码 | 馆藏地/架位号 | 状态 | 备注 |
| 1 | 307611 | 203076116 | 自科二线504/501自科库 107排1列5层/ [索取号:X705/H846] | 在馆 | |
| 2 | 307612 | 203076125 | 自科库501/501自科库 107排1列5层/ [索取号:X705/H846] | 在馆 | |
| 3 | 307613 | 203076134 | 自科二线504/501自科库 107排1列5层/ [索取号:X705/H846] | 在馆 | |
| 4 | 307614 | 203076143 | 自科库501/501自科库 107排1列5层/ [索取号:X705/H846] | 在馆 | |
| 5 | 307615 | 203076152 | 自科二线504/501自科库 107排1列5层/ [索取号:X705/H846] | 在馆 |